000 00648nam a2200193Ia 4500
003 GCL
008 140319s9999 xx 000 0 ara d
040 _aGCL /
_cGCL
082 0 4 _aم
_b953
_bا ت
100 1 _aالسيد عبدالعزيز سالم
245 1 0 _aالتاريخ والمؤرخون العرب /
_cالسيد عبدالعزيز سالم
260 _aبيروت :
_bدار النهضة العربية ،
_c1986
300 _a270 ص
490 _a
650 0 4 _aالتاريخ الاسلامى
650 0 4 _aالجغرافيا التاريخية
650 0 4 _aالتاريخ الاسلامى - مصادره
942 _2ddc
_cREF
999 _c40330
_d40330